Most Popular Baby Names 2016 Quiz Stats

Quiz not verified by Sporcle

Challenge
Share
Tweet
Embed
Score 0/80 Timer 10:00
1 Play Today
Hint Answer % Correct
Emma
83.4%
Emily
78.5%
Eli
75.3%
Olivia
74.8%
Ava
71.4%
James
70.4%
Jack
69.7%
Michael
69.1%
Sophia
66.7%
Daniel
66.4%
Elizabeth
65.9%
Isabella
65.5%
William
64.2%
Jacob
63.7%
Hannah
63.4%
Grace
62.2%
David
62.2%
Charlotte
61.3%
Matthew
61.3%
Alexander
60.3%
Mia
60%
Ella
59.3%
Madison
58.8%
Noah
58.7%
Lily
58%
Chloe
57.6%
Abigail
55.8%
Liam
55.5%
Ethan
55.3%
Jackson
55.3%
Benjamin
54.6%
Lucas
53.3%
Luke
52.9%
Andrew
52.9%
Samuel
52.4%
Ryan
52.3%
Victoria
52.1%
Amelia
51.6%
Oliver
51.6%
Nathan
51.1%
Hint Answer % Correct
Zoe
50.1%
Henry
49.7%
Gabriel
49.1%
Avery
48.4%
Mason
47.7%
Aiden
47.2%
Evelyn
46.2%
Natalie
45.7%
Sofia
45.4%
Harper
45.2%
Elijah
44.4%
Riley
43.2%
Addison
43.2%
Logan
43%
Isaac
42%
Jayden
42%
Aria
41.5%
Lucy
41%
Caleb
40.5%
Owen
40%
Claire
39.3%
Aubrey
39.2%
Audrey
38.2%
Dylan
38%
Connor
38%
Carter
36.1%
Ellie
35.3%
Brooklyn
34.5%
Zoey
30.4%
Nora
30.1%
Penelope
30.1%
Stella
29.6%
Wyatt
29.4%
Layla
28.2%
Scarlett
27.7%
Levi
27.4%
Jaxon
27.1%
Mila
22.9%
Sebastian
20.5%
Grayson
19%

You're not logged in!

Compare scores with friends on all Sporcle quizzes.
Sign Up with Email
OR
Log In

You Might Also Like...

Show Comments

Extras

Top Quizzes Today


Score Distribution

Your Account Isn't Verified!

In order to create a playlist on Sporcle, you need to verify the email address you used during registration. Go to your Sporcle Settings to finish the process.